| 000 | nam a22 7a 4500 | ||
|---|---|---|---|
| 999 |
_c29293 _d29293 |
||
| 008 | 171124b xxu||||| |||| 00| 0 eng d | ||
| 020 | _a9780335217762 | ||
| 050 | _aLC 5800 .B87 2007 | ||
| 100 |
_aBurge Liz. _d2007 |
||
| 245 |
_aFlexible Higher Education / _bInternational Pioneer Reflect / _cBurge Liz. |
||
| 250 | _a1st ed. | ||
| 260 |
_aUSA: _bMcGraw-Hill, _c2007. |
||
| 300 |
_axi, 177p. _bincludes bibliographical references and index. |
||
| 650 | _aEducation | ||
| 942 |
_2lcc _cBOOKS _hLC 5800 .B87 2007 |
||